000 01586cam a22004334a 4500
001 muse86503
003 MdBmJHUP
005 20210127151718.0
006 m o d
007 cr||||||||nn|n
008 720525s1954 ncu o 00 0 eng d
010 _z 54014911
020 _a9781469657417
020 _z9780807880135
035 _a(OCoLC)654664404
040 _aMdBmJHUP
_cMdBmJHUP
041 1 _aeng
_hger
050 0 4 _aPD25
_b.N6 no. 13
082 0 _a100
100 1 _aDilthey, Wilhelm,
_d1833-1911.
240 1 0 _aWesen der Philosophie.
_lEnglish
245 1 4 _aThe Essence of Philosophy
_cTranslated into English by Stephen A. Emery and William T. Emery.
264 1 _bUniversity of North Carolina Press
264 3 _bProject MUSE,
300 _a1 online resource (xi, 78 p.)
490 0 _aUniversity of North Carolina (Chapel Hill campus) Studies in the Germanic languages and literatures,
_vno. 13
506 0 _aOpen Access
_fUnrestricted online access
_2star
588 _aDescription based on print version record.
650 0 _aPhilosophy.
655 7 _aElectronic books.
_2local
710 2 _aProject Muse.
_edistributor
830 0 _aUniversity of North Carolina studies in the Germanic languages and literatures ;
_vno. 13.
830 0 _aBook collections on Project MUSE.
856 4 0 _zFull text available:
_uhttps://muse.jhu.edu/book/75785/
999 _c26747
_d26747